000 00715nam a2200289Ia 4500
005 20260324142012.0
008 008 260324s9999 xx 000 0 eng d
020 _a9781315485256
037 _aEBOOK
040 _aCRL
040 _beng
040 _cCRL
041 _2eng
041 _aeng
084 _qCRL
100 _aPeter B. Maggs
_91210321
245 4 _aThe Mandelstam File and Der Nister File
245 0 _bIntroduction to Stalin-era Prison and Labor Camp Records
260 _bTaylor and Francis
260 _c1996
365 _a
365 _b230
856 _uhttp://www.taylorfrancis.com/books/9781315485256
942 _cEBOOK
999 _c1814018
_d1814018